00333nam a2200121Ia 4500008004100000020001400041050001500055100002100070245004200091260004100133300002400174650001300198150202s9999 xx 000 0 und d a373511868 aFIC bFIC  aMyers, Helen R.  aWatching For Willa /cHelen R. Myers. aNew York :bSilhouette Books,c1995. a249 pages :c18 cm. aFiction.